000 01200nam a2200325 i 4500
001 25414
003 KOSZ 005
005 20200714104651.0
008 070913s1968 pl a g 000 0 pol
015 _aPB 1968/9266
040 _aWA N
_cWA N
_dKOSZ 005/RW
080 _a77
100 1 _aDederko, Witold
_d(1906-1988).
_eAutor
245 1 0 _aO fotografowaniu prawie wszystko :
_bporadnik instruktora.
_nT. 1 /
_cWitold Dederko, Andrzej Pytliński.
250 _aWydanie 2.
260 _aWarszawa :
_bCentralny Ośrodek Metodyki Upowszechniania Kultury,
_c1971.
300 _a191 stron :
_bilustracje ;
_c24 cm.
336 _aTekst
_btxt
_2rdacontent
337 _aBez urządzenia pośredniczącego
_bn
_2rdamedia
338 _aWolumin
_bnc
_2rdacarrier
380 _aKsiążki.
658 _aKultura i sztuka
658 _aInżynieria i technika
655 4 _aPoradnik
650 4 _aTechniki fotograficzne
700 1 _aPytliński, Andrzej
_d(1933- ).
_eAutor
710 2 _aCentralny Ośrodek Metodyki Upowszechniania Kultury.
_4pbl.
856 _uhttp://koha.tu.koszalin.pl/cgi-bin/koha/opac-detail.pl?biblionumber=25414
_yKatalog online BPK
942 _2UKD
_cKS
999 _c25414
_d25414